000
00315nam a2200109Ia 4500
008
170221s9999 xx 000 0 und d
245
_a
Editorial: AABFJ Volume 8, Issue 7
260
_c
2012
300
_a
32 : 17
650
_x
Business
856
_u
http://ro.uow.edu.au/cgi/viewcontent.cgi?article=1514&context=aabfj
999
_c
311389
_d
311389